000
00301nam a2200097Ia 4500
082
_a
J R 912 READ
245
0
_a
The Reader's digest children's atlas of the world
100
_a
Sale, Colin Pleasantville, NY, 2003 New 3rd ed
_9
41691
942
_c
BK
008
210817s9999 xx 000 0 und d
999
_c
142595
_d
142594